Minecraft Village Loot - Sudden Death - Statistics

General Stats
  • This quiz has been taken 119 times
  • The average score is 4 of 18
Answers on the Grid
Answers color-coded by a green-red scale on the quiz's grid according to % correct below.
Acacia sapling
Allium
Amethyst shard
Beetroot
Birch sapling
Black dye
Blue ice
Bookshelf
Bread
Brick
Bucket
Cactus
Cake
Dandelion
Diamond
Empty map
Enchanted book
Flower pot
Gray wool
Green dye
Ice
Iron ingot
Iron leggings
Leather cap
Leather horse armor
Oak sapling
Paper
Spruce sign
Tropical fish
Wheat
 
Answer Stats
Answer % Correct
Acacia sapling
59%
Bread
41%
Wheat
38%
Iron ingot
36%
Paper
36%
Iron leggings
33%
Diamond
31%
Oak sapling
31%
Empty map
23%
Leather cap
23%
Bucket
21%
Cactus
21%
Dandelion
21%
Flower pot
10%
Gray wool
8%
Green dye
8%
Blue ice
5%
Spruce sign
3%
No matching quizzes found
Score Distribution
Percent of People with Each Score
Percentile by Number Answered
Your Score History
You have not taken this quiz